000 nam a22 a 4500
999 _c4554
_d4554
003 AKMAL
005 20170531145127.0
008 1 s1996 my l 00 eng d
020 _a9678906074 (pbk.):
_cRM 10.00
040 _cAKMAL
082 0 4 _a343.59508 TRA
090 _a343.59508
_bTRA
110 1 _aMalaysia
_9400
240 1 _aAkta Perihal Dagangan, 1972.
_lEnglish
245 1 0 _aTrade Descriptions Act, 1972 (Act 87), Cheap Sale Price Regulations, 1987 & orders :
_b(As at 31st October 1996) /
_ccompiled by Legal Research Board
260 _aKuala Lumpur :
_bInternational Law Books Services,
_c1996
300 _aiii, 47p. ;
_c24cm
440 _aLaws of Malaysia
_91830
650 _aPrice regulation
_zMalaysia
_98785
650 _aTrade regulation
_zMalaysia
_92454
650 _aTrademarks
_zMalaysia
_98788
710 2 _aLegal Research Board
_93922
942 _2ddc
_cBOOK